[Event "ST Lee Cup 4th"]
[Site "Beijing"]
[Date "1997.08.24"]
[Round "2"]
[White "Wang Yaoyao"]
[Black "Landa, Konstantin"]
[Result "1-0"]
[WhiteElo "2430"]
[BlackElo "2560"]

1.Nf3 d5 2.c4 d4 3.e3 Nc6 4.b4 dxe3 5.fxe3 Nxb4 6.d4 e5 7.a3 e4 8.Nfd2 Nd3+
9.Bxd3 exd3 10.O-O f5 11.Nf3 Nf6 12.Qxd3 g6 13.Bb2 Bg7 14.d5 O-O 15.Bd4 Qe7
16.Nc3 c5 17.Be5 Bd7 18.Rae1 Rae8 19.d6 Qd8 20.Nd5 Bc6 21.Nc7 Be4 22.Qd2 Rxe5
23.Nxe5 Qc8 24.Qa5 Nd7 25.Nxd7 Qxd7 26.Qxc5 b6 27.Qb4 Be5 28.Rd1 Rf6 29.Qb5 Qxb5
30.Nxb5 Rf8 31.Nxa7 Kf7 32.d7 Rd8 33.Nc8 Ke6 34.Nxb6 Bd6 35.Rxd6+ Kxd6 36.a4 Kc5
37.a5 Bb7 38.Rb1 Bc6 39.Kf2  1-0

[Event "Budapest FS09 IM"]
[Site "Budapest"]
[Date "1997.09.06"]
[Round "1"]
[White "Demkovich, Anatoliy"]
[Black "Le Thi Phuong Lien"]
[Result "1-0"]
[WhiteElo "2390"]
[BlackElo "2265"]

1.Nf3 d5 2.c4 dxc4 3.e3 c5 4.Bxc4 Nc6 5.d4 e6 6.O-O Nf6 7.Nc3 a6 8.a4 cxd4
9.exd4 Be7 10.Bg5 O-O 11.Re1 Bd7 12.Qe2 Re8 13.Rad1 Nb4 14.Ne5 Qc7 15.Qf3 Bc6
16.Qh3 Bd5 17.Nxd5 exd5 18.Bb3 Qb6 19.Rc1 Nc6 20.Bc2 h6 21.Bf4  1-0

[Event "EU-ch U20 Girls"]
[Site "Tallinn"]
[Date "1997.09.11"]
[Round "2"]
[White "Kononenko, Tatiana"]
[Black "Iltchouk, Elena"]
[Result "1/2-1/2"]
[WhiteElo "2275"]
[BlackElo "2180"]

1.Nf3 d5 2.c4 c6 3.b3 Nf6 4.g3 Bg4 5.Bg2 e6 6.O-O Bd6 7.Bb2 O-O 8.d3 Nbd7
9.Nbd2 Qe7 10.a3 a5 11.Qc2 e5 12.h3 Bh5 13.e4 dxe4 14.dxe4 Rfd8 15.Nh4 Bg6
16.Nf5 Bxf5 17.exf5 Bc5 18.Rfe1 Ne8 19.Nf1 f6 20.Kh1 Nd6 21.Bc3 Nf7 22.Qb2 Nb6
23.b4 axb4 24.axb4 Rxa1 25.Rxa1 Bd4 26.c5 Bxc3 27.Qxc3 Nd5 28.Qb3 Qd7 29.g4 h6
30.Rd1 e4 31.Bxe4 Qe7 32.Ng3 Nc7 33.Rxd8+ Qxd8 34.Kg2 Qd4 35.Qb1 Na6 36.b5 Nxc5
37.bxc6 Nxe4 38.Qxe4 Qxe4+ 39.Nxe4 bxc6 40.f4 Nd8 41.Kf3 Nb7 42.Ke3 Kf7  1/2-1/2

[Event "Budapest FS09 IM"]
[Site "Budapest"]
[Date "1997.09.12"]
[Round "7"]
[White "Appleberry, Martin"]
[Black "Le Thi Phuong Lien"]
[Result "1-0"]
[WhiteElo "2235"]
[BlackElo "2265"]

1.Nf3 d5 2.c4 d4 3.g3 b6 4.Bg2 Bb7 5.O-O g6 6.b4 Bg7 7.Bb2 e5 8.d3 Ne7 9.Nbd2 O-O
10.a4 a5 11.bxa5 bxa5 12.Ba3 Na6 13.Nb3 Nb8 14.Qe1 c6 15.Nxa5 Ba6 16.Nd2 Qxa5
17.Bxe7 Re8 18.Bd6 Rd8 19.c5 Rxd6 20.cxd6 Qc5 21.Ne4 Qa7 22.Qa5 Nd7 23.Rfc1 Rc8
24.Nc5 Nxc5 25.Qxc5 Qd7 26.Bxc6 Qf5 27.d7 Rf8 28.Qxf8+  1-0

[Event "EU-ch U20"]
[Site "Tallinn"]
[Date "1997.09.19"]
[Round "10"]
[White "Rowson, Jonathan"]
[Black "Rabinovich, Alexander"]
[Result "1-0"]
[WhiteElo "2490"]
[BlackElo "2415"]

1.Nf3 d5 2.c4 c6 3.d4 Nf6 4.Qc2 g6 5.Bf4 Bg7 6.e3 Na6 7.Nc3 Bf5 8.Qb3 Qb6
9.cxd5 Nb4 10.dxc6 bxc6 11.Rc1 O-O 12.Bc4 Nfd5 13.Be5 Nd3+ 14.Bxd3 Qxb3 15.axb3 Bxd3
16.Bxg7 Kxg7 17.Kd2 Nb4 18.Ne5 Bf5 19.Na4 Rab8 20.Nc5 Rfd8 21.e4 Bc8 22.Ke3 f6
23.Nc4 Na6 24.Na5 Nb4 25.Rc4 Rd6 26.Ra1 e5 27.dxe5 fxe5 28.Ra4 Rd4 29.Rxd4 Nc2+
30.Kd3 Nxd4 31.Nc4 Nxb3 32.Rxa7+ Kf6 33.Nxb3 Rxb3+ 34.Kc2 Rb7 35.Rxb7 Bxb7
36.Na5 Ba6 37.Kd2 Bb5 38.b4 Ke6 39.Ke3 g5 40.f3 Kd6 41.Nb7+ Kc7 42.Nc5 Bc4
43.g3 Bf7 44.Nd3 Kd6 45.f4 exf4+ 46.gxf4 gxf4+ 47.Kxf4 Bc4 48.Nc5 Ba2 49.Kf5 Ke7
50.Ke5 Bc4 51.Nb7 Bd3 52.Nd6 Bb1 53.Nf5+ Kd7 54.Nd4 Kc7 55.Ne2 Bd3 56.Nc3 Bc2
57.h4 h5 58.Kf6 c5 59.bxc5  1-0

[Event "Budapest FS10 IM-A"]
[Site "Budapest"]
[Date "1997.10.08"]
[Round "4"]
[White "Vadasz, Laszlo"]
[Black "Mikhalevski, Alexander"]
[Result "0-1"]
[WhiteElo "2320"]
[BlackElo "2470"]

1.Nf3 d5 2.c4 d4 3.g3 c5 4.Bg2 Nc6 5.O-O e5 6.d3 Bd6 7.e3 h6 8.exd4 exd4
9.Nbd2 Nf6 10.a3 a5 11.Re1+ Kf8 12.Ne4 Nxe4 13.Rxe4 g5 14.Re1 Kg7 15.Bd2 Bg4
16.h3 Bf5 17.Qc2 Qd7 18.g4 Bg6 19.b4 axb4 20.axb4 Rxa1 21.Rxa1 f5 22.bxc5 Bxc5
23.Qb3 fxg4 24.hxg4 b6 25.Re1 Qxg4 26.Nh2 Qd7 27.f4 gxf4 28.Bxf4 Re8 29.Rxe8 Qxe8
30.Qa4 Qe1+ 31.Nf1 Ne7 32.Qd7 Bxd3 33.Bxh6+ Kxh6 34.Qh3+ Kg5 35.Qxd3 Qc3
36.Be4 Nc6 37.Qd2+ Qxd2 38.Nxd2 Ne5 39.Kf2 Kf4 40.Ke2 Nxc4 41.Nxc4 Kxe4 42.Nd2+ Kd5
43.Kd3 Bb4 44.Nb3 Bc3 45.Nc1 Kc5  0-1

[Event "Budapest FS10 IM-A"]
[Site "Budapest"]
[Date "1997.10.10"]
[Round "6"]
[White "Kogan, Artur"]
[Black "Waitzkin, Joshua"]
[Result "0-1"]
[WhiteElo "2500"]
[BlackElo "2435"]

1.Nf3 d5 2.c4 dxc4 3.Na3 a6 4.Nxc4 b5 5.Na5 c5 6.b4 cxb4 7.Qc2 Nf6 8.Bb2 Bd7
9.Nb3 e6 10.g4 Nc6 11.g5 Nd5 12.e3 Rc8 13.Qe4 Qb6 14.Bd3 h6 15.Rg1 hxg5 16.Rxg5 Nf6
17.Qf4 Rh6 18.Ke2 Ne7 19.Bd4 Qc7 20.Ne5 Ned5 21.Qg3 Qd6 22.Rg1 Nh5 23.Qf3 Ndf6
24.Nxf7 Kxf7 25.Rxh5 Bc6 26.Qh3 Nxh5 27.Bg6+ Kg8 28.Bxh5 Qd5 29.Bg6  0-1

[Event "Budapest FS10 IM-B"]
[Site "Budapest"]
[Date "1997.10.11"]
[Round "7"]
[White "Bersutzki, Gregory"]
[Black "Dudas, Janos"]
[Result "1/2-1/2"]
[WhiteElo "2150"]
[BlackElo "2400"]

1.Nf3 d5 2.c4 dxc4 3.e3 c5 4.Bxc4 e6 5.O-O a6 6.a4 Nf6 7.Nc3 Be7 8.d4 Nc6
9.Qe2 cxd4 10.Rd1 O-O 11.exd4 Nb4 12.Bg5 Re8 13.Bxf6 Bxf6 14.Ne4 Nd5 15.Ne5 b6
16.Qh5 Rf8 17.Ra3 g6 18.Qg4 Bg7 19.Ng5 h6 20.Ngxf7 Rxf7 21.Nxf7 Kxf7 22.Rg3 g5
23.Re1 b5 24.Rf3+ Kg8 25.Ba2 Nf4 26.g3 h5 27.Qf5 Bb7 28.Rxf4 Kh8 29.Bxe6 Qa5
30.Rd1 Qxa4 31.b3 Qa2 32.Qxg5 Qe2 33.Bg4 hxg4 34.Qh5+ Kg8 35.Qf7+ Kh8 36.Qh5+ Kg8  1/2-1/2

[Event "AUT-chT 9798"]
[Site "Austria"]
[Date "1997.10.12"]
[Round "1"]
[White "Sader, Michael"]
[Black "Thoma, Robert"]
[Result "0-1"]
[WhiteElo "2280"]
[BlackElo "2300"]

1.Nf3 d5 2.c4 c6 3.e3 Nf6 4.b3 Bg4 5.Bb2 Nbd7 6.Be2 e6 7.d3 Bd6 8.Nbd2 Qe7
9.a3 a5 10.Qc2 O-O 11.h3 Bh5 12.g4 Bg6 13.Nh4 b5 14.Nxg6 fxg6 15.d4 bxc4
16.bxc4 Rab8 17.h4 e5 18.c5 Bc7 19.g5 Nh5 20.Bg4 Rxb2 21.Qxb2 exd4 22.Rh3 Nf4
23.Qb7 Nxc5 24.Qxc6 Ncd3+ 25.Kf1 Nxh3 26.Be6+ Kh8 27.Bxh3 dxe3  0-1

[Event "AUT-chT 9798"]
[Site "Austria"]
[Date "1997.10.13"]
[Round "2"]
[White "Pils, Walter"]
[Black "Gaertner, Guntram"]
[Result "1/2-1/2"]
[WhiteElo "2340"]
[BlackElo "2340"]

1.Nf3 d5 2.c4 c6 3.cxd5 cxd5 4.d4 Nf6 5.Nc3 Nc6 6.e3 a6 7.Bd3 Bg4 8.O-O e6
9.b3 Bd6 10.Bb2 Nb4 11.Be2 O-O 12.a3 Nc6 13.b4 b5 14.h3 Bh5 15.Ne5 Bxe2 16.Nxe2 Bxe5
17.dxe5 Nd7 18.f4 Nb6 19.Nd4 Nxd4 20.Bxd4 Rc8 21.Bc5 Re8 22.Qd3 Nc4  1/2-1/2

[Event "AUT-chT 9798"]
[Site "Austria"]
[Date "1997.10.13"]
[Round "2"]
[White "Duer, Arne"]
[Black "Volkmann, Friedrich"]
[Result "1/2-1/2"]
[WhiteElo "2405"]
[BlackElo "2395"]

1.Nf3 d5 2.c4 c6 3.d4 Nf6 4.e3 e6 5.Nbd2 b6 6.Bd3 Bb7 7.O-O Be7 8.Qe2 O-O
9.e4 dxe4 10.Nxe4 c5 11.dxc5 bxc5 12.Rd1 Nbd7 13.b3 h6 14.Bb2 Qc7 15.Rd2 Qf4
16.Re1 Rfd8 17.Rdd1 Bxe4 18.Bxe4 Qxe4 19.Qxe4 Nxe4 20.Rxe4 Bf6 21.Bxf6 Nxf6
22.Ree1  1/2-1/2

[Event "Budapest FS10 IM-B"]
[Site "Budapest"]
[Date "1997.10.13"]
[Round "9"]
[White "Bersutzki, Gregory"]
[Black "Becher, Helmut"]
[Result "1/2-1/2"]
[WhiteElo "2150"]
[BlackElo "2255"]

1.Nf3 d5 2.c4 c6 3.b3 Bg4 4.Bb2 Nd7 5.e3 Ngf6 6.Be2 e6 7.O-O Bd6 8.d4 O-O
9.Nbd2 Re8 10.Ne5 Bxe2 11.Qxe2  1/2-1/2

[Event "Oberliga Wuert9798"]
[Site "Wuerttemberg"]
[Date "1997.10.19"]
[Round "2"]
[White "Gritsch, Gabriel"]
[Black "Frolik, Erhard"]
[Result "1-0"]
[WhiteElo "2050"]
[BlackElo "2245"]

1.Nf3 d5 2.c4 c6 3.cxd5 cxd5 4.d4 Nf6 5.Nc3 Nc6 6.Bf4 a6 7.Rc1 Ne4 8.a3 Nxc3
9.Rxc3 g6 10.Ne5 Bg7 11.Nxc6 bxc6 12.Rxc6 O-O 13.e3 f6 14.Rc5 e5 15.dxe5 fxe5
16.Rxd5 Qc7 17.Bg5 Be6 18.Rd2 h6 19.Bh4 e4 20.Be2 Rab8 21.Bg3 Qf7 22.O-O Rxb2
23.Bxa6 Rb6 24.Rd6 Rxd6 25.Qxd6 Ra8 26.Bb7 Ra4 27.Qd8+ Kh7 28.Bc6 Rc4 29.Bb5 Rc2
30.a4 Qf5 31.Qe7 Bf7 32.h4 Rd2 33.Rc1 Bb2 34.Rc7  1-0

[Event "Copa Itau Mercosul"]
[Site "Sao Paulo"]
[Date "1997.10.22"]
[Round "4"]
[White "Szmetan, Jorge"]
[Black "Slipak, Sergio"]
[Result "0-1"]
[WhiteElo "2430"]
[BlackElo "2515"]

1.Nf3 d5 2.c4 dxc4 3.e3 Nf6 4.Bxc4 e6 5.d4 c5 6.O-O a6 7.Qe2 b5 8.Bd3 cxd4
9.exd4 Nc6 10.a4 bxa4 11.Nc3 Nb4 12.Bb1 Be7 13.Bg5 Nfd5 14.Ne4 O-O 15.Bxe7 Qxe7
16.Ne5 Bb7 17.Rxa4 f5 18.Nc3 Nf4 19.Qe3 Nxg2 20.Qg3 Nd5 21.Nxd5 Bxd5 22.Ba2 f4
23.Qg4 Bxa2 24.Rxa2 f3 25.Nxf3 Nf4 26.Ne5 Rf5 27.Kh1 Raf8 28.b3 Rg5 29.Qf3 Rh5
30.Rxa6 Rh3 31.Qg4 h5 32.Qg1 Qb7+ 33.Rc6 Rf5 34.Rc1 Rxe5 35.dxe5 Qxb3 36.Qd1 Rxh2+
37.Kg1 Rh1+  0-1

[Event "Copa Itau Mercosul"]
[Site "Sao Paulo"]
[Date "1997.10.23"]
[Round "5"]
[White "Barrionuevo, Alfredo Carlos"]
[Black "Matsuura, Everaldo"]
[Result "0-1"]
[WhiteElo "2115"]
[BlackElo "2390"]

1.Nf3 d5 2.c4 c6 3.d4 e6 4.Nc3 Nf6 5.Bg5 dxc4 6.e4 b5 7.e5 h6 8.Bh4 g5 9.Bg3 Nd5
10.Nd2 h5 11.h4 g4 12.Be2 Bb7 13.a4 a6 14.Nce4 Qb6 15.Nc5 Bxc5 16.dxc5 Qxc5
17.O-O Qd4 18.Qc2 Nb4 19.Qc3 c5 20.Rad1 Qxc3 21.bxc3 Na2 22.Nb1 Be4 23.Rd2 Bxb1
24.Rxb1 Nxc3 25.Rbb2 Nxa4  0-1

[Event "Loures"]
[Site "Loures"]
[Date "1997.10.29"]
[Round "9"]
[White "Dias, Paulo"]
[Black "Santos, Carlos P"]
[Result "1/2-1/2"]
[WhiteElo "2250"]
[BlackElo "2355"]

1.Nf3 d5 2.c4 e6 3.e3 Nf6 4.b3 Be7 5.Bb2 O-O 6.Be2 b6 7.O-O Bb7 8.Nc3 Nbd7
9.d4 a6 10.Rc1 Bd6 11.Qc2 Qe7 12.cxd5 exd5 13.Nh4 g6 14.g3 Rfe8 15.Nb1 Nf8
16.Nd2 Ne6 17.Nhf3 Rac8 18.Qc3 Bb4 19.Qd3 Ne4 20.Ra1 N6g5 21.a3 Bxd2 22.Nxd2 Bc6
23.a4 Nxd2 24.Qxd2 Qe4 25.h4 Nf3+ 26.Bxf3 Qxf3 27.Qd1 Qe4 28.Qb1 Qg4 29.Qd1 Qe4
30.Qb1 Qe7 31.Qd1 Qf6 32.Qg4 h5 33.Qf4 Qxf4 34.gxf4 f6 35.Rfc1 Bd7 36.Ba3 Kf7
37.Rc3 Rg8 38.Kh2 c6 39.Rg1 a5 40.Rcc1 Bf5 41.f3 Rge8 42.Rge1 Re6  1/2-1/2

[Event "Andalucia-chT"]
[Site "Malaga"]
[Date "1997.11.01"]
[Round "1"]
[White "Terron Elena, Francisco Miguel"]
[Black "Sanchez Jimenez, Juan Carlos"]
[Result "1/2-1/2"]
[WhiteElo "2215"]
[BlackElo "2235"]

1.Nf3 d5 2.c4 c6 3.b3 Bg4 4.Bb2 Nd7 5.d4 e6 6.Nbd2 Ngf6 7.Qc2 Bf5 8.Qd1 Be7
9.g3 Ne4 10.Bg2 O-O 11.O-O b5 12.cxd5 cxd5 13.Ne1 Rc8 14.Nxe4 dxe4 15.Nc2 Nf6
16.Ne3 Nd5 17.Nxd5 exd5 18.Qd2 Bg5 19.Qb4 a5 20.Qxb5 Rb8 21.Qc6 Rc8 22.Qb5 Rb8  1/2-1/2

[Event "RUS-Cup01 Chigorin mem"]
[Site "St Petersburg"]
[Date "1997.11.02"]
[Round "2"]
[White "Eingorn, Vereslav S"]
[Black "Shakhov, Aleksandr E"]
[Result "1-0"]
[WhiteElo "2590"]
[BlackElo "2180"]

1.Nf3 d5 2.c4 c6 3.e3 Nf6 4.Nc3 e6 5.b3 Nbd7 6.Qc2 Bd6 7.Be2 O-O 8.Bb2 b6
9.O-O Bb7 10.d4 Qe7 11.Rad1 Rac8 12.e4 Nxe4 13.Nxe4 dxe4 14.Qxe4 Nf6 15.Qh4 c5
16.Rfe1 cxd4 17.Nxd4 Bb4 18.Bd3 Bxe1 19.Bxh7+ Kh8 20.Bc2+ Kg8 21.Rxe1 Qb4
22.Re3 Qd2 23.h3 Rc5 24.Rg3 Rh5 25.Qxf6 Qe1+ 26.Kh2 Rxh3+ 27.Rxh3 gxf6 28.Rg3+ Kh8
29.Nf3  1-0

[Event "AUT-chT 9798"]
[Site "Austria"]
[Date "1997.11.09"]
[Round "5"]
[White "Sommerbauer, Norbert"]
[Black "Tscholowitsch, Christian"]
[Result "1-0"]
[WhiteElo "2395"]
[BlackElo "2215"]

1.Nf3 d5 2.c4 c6 3.cxd5 cxd5 4.d4 Nf6 5.Nc3 e6 6.Bf4 Nc6 7.e3 Be7 8.Bd3 O-O
9.O-O Nh5 10.Be5 Nxe5 11.dxe5 g6 12.e4 Nf4 13.Bc2 dxe4 14.Bxe4 Qxd1 15.Rfxd1 Rb8
16.g3 Nh5 17.Nb5 a6 18.Nd6 f5 19.Bc2 Rd8 20.Bb3 Ng7 21.Rac1 Bd7 22.Rc7 Bc6
23.Rxe7 Bxf3 24.Rc1 Bc6 25.Bxe6+ Nxe6 26.Rxe6 Rd7 27.Rf6 Re7 28.f4 Rd8 29.Kf2 Kg7
30.Ke3 Red7 31.Rc2 Kg8 32.h3 Kg7 33.g4 fxg4 34.hxg4 Re7 35.Rd2 Rg8 36.g5 Rb8
37.Kd4 Rd8 38.Kc5 Rb8 39.Kb6 Ra8 40.b4 Rg8 41.e6 Rf8 42.Rf7+ Rfxf7 43.exf7 Kf8
44.a3 Re6 45.a4 Be4 46.b5 axb5 47.axb5 Bf3 48.Ka7 Bh1 49.Kb6 Be4 50.Kc5 Bf3
51.b6 Re7 52.Ra2 Rxf7 53.Ra8+ Ke7 54.Nxf7 Kxf7 55.Kd6 Kg7 56.Kc7 h5 57.gxh6+ Kxh6
58.Rb8  1-0

[Event "CZE-chT 9798"]
[Site "CZE"]
[Date "1997.11.15"]
[Round "1"]
[White "Stocek, Jiri"]
[Black "Haba, Petr"]
[Result "1/2-1/2"]
[WhiteElo "2450"]
[BlackElo "2570"]

1.Nf3 d5 2.c4 c6 3.e3 Nf6 4.Nc3 e6 5.b3 Bd6 6.Be2 O-O 7.Qc2 Nbd7 8.O-O Re8
9.Bb2 dxc4 10.bxc4 e5 11.d4 exd4 12.exd4 Nf8 13.h3 Ng6 14.Rfe1 Bc7 15.Bf1 Bd7
16.Ba3 Rb8 17.Rad1 Rxe1 18.Rxe1 Be8 19.Ne4 Nxe4 20.Qxe4 f6 21.h4 Bf7 22.h5 Nf4
23.h6 Qd7 24.Qe7 Qxe7 25.Rxe7 Rc8 26.Nh4 g6 27.g3 Ne6 28.Bh3 f5 29.Nxf5 Ng5
30.Bg4 Bd8 31.Nd6 Bxe7 32.Bxc8 Nf3+ 33.Kg2 Nxd4 34.Bxb7 Bxd6 35.Bxd6 Bxc4
36.Bc5 Bd5+ 37.Kf1 Bc4+ 38.Kg2 Bd5+ 39.Kf1 Bc4+ 40.Kg1 Ne2+ 41.Kg2 Bxa2 42.Kf3 Nc3
43.Bxa7 Bd5+ 44.Ke3 Kf7 45.g4 Ne4 46.Ba6 Nd6 47.Bd3 Ne8 48.Kf4 Nc7 49.Ke5 Ne8
50.Bd4 Nf6 51.Kf4 Nd7 52.Bc2 Nf8 53.Be3 Ne6+ 54.Ke5 Bf3 55.g5 Bd5 56.f4 Nf8
57.Bc1 Nd7+ 58.Kd4 Nf8 59.Ba3 Ne6+ 60.Ke5 Ba2 61.Be4 Bd5 62.Bd3 Ba2 63.f5 Nxg5
64.Kf4 Nh3+ 65.Kg3 gxf5 66.Kxh3 Kg6 67.Bc1 c5 68.Bb5 f4 69.Bxf4 Be6+ 70.Kg3 c4
71.Be8+ Bf7 72.Bc6 Be6 73.Be8+ Bf7 74.Ba4 Be6 75.Kf3 c3 76.Ke4 Kf7 77.Kd4 c2
78.Bxc2 Kg8 79.Ke5 Bc4 80.Kf6 Bd5 81.Ke7 Bc4 82.Be5 Bd5 83.Bf5 Bc4 84.Be6+ Bxe6
85.Kxe6 Kf8  1/2-1/2

[Event "Bayern-chI Bank Hofmann"]
[Site "Bad Wiessee"]
[Date "1997.11.18"]
[Round "4"]
[White "Blatny, Pavel"]
[Black "Grabarczyk, Miroslaw"]
[Result "1-0"]
[WhiteElo "2555"]
[BlackElo "2480"]

1.Nf3 d5 2.c4 d4 3.e3 dxe3 4.fxe3 Nf6 5.Be2 g6 6.b4 Bg7 7.Bb2 O-O 8.O-O a5
9.b5 Nbd7 10.Nc3 e5 11.Ba3 Re8 12.c5 h6 13.Bc4 Qe7 14.Qb3 c6 15.d4 Rf8 16.d5 e4
17.d6 Qe8 18.Nd4 Ne5 19.Be2 Neg4 20.Bxg4 Nxg4 21.bxc6 bxc6 22.Nce2 Ba6 23.Rae1 Rb8
24.Qa4 Qe5 25.Rf4 Bxe2 26.Nxe2 Nxe3 27.Rxe4 Qg5 28.Ng3 Nd5 29.Bc1 Qf6 30.Qxc6 Nc3
31.Rf4 Qd8 32.d7 Nb5 33.Be3 Nc7 34.Re4 Ne6 35.Rxe6 fxe6 36.Qxe6+ Kh7 37.c6 Qc7
38.Ne4 Rb2 39.Bc5 Qf4 40.Bxf8 Re2 41.Nf6+ Bxf6 42.Qxe2  1-0

[Event "Oberliga Wuert9798"]
[Site "Wuerttemberg"]
[Date "1997.11.30"]
[Round "4"]
[White "Fochtler, Ekkehard"]
[Black "Raedeker, Bernd"]
[Result "1-0"]
[WhiteElo "2245"]
[BlackElo "2225"]

1.Nf3 d5 2.c4 e6 3.g3 Nf6 4.Bg2 Be7 5.O-O O-O 6.d4 c6 7.Nc3 Nbd7 8.b3 b6
9.Bb2 Ba6 10.Nd2 b5 11.Qc2 Nb6 12.c5 Nbd7 13.b4 Bb7 14.Nb3 Qc7 15.Rad1 e5
16.e4 exd4 17.Nxd4 dxe4 18.Nf5 Rfe8 19.Nxe4 Nxe4 20.Bxe4 Nf6 21.Nd6 Rf8 22.Be5 Bc8
23.Nxf7 Qb7 24.Bxf6 Bxf6 25.Nd6 Qa6 26.Qb3+ Kh8 27.Nf7+ Rxf7 28.Qxf7 Bg4
29.f3  1-0

[Event "CZE-chT 9798"]
[Site "CZE"]
[Date "1997.12.13"]
[Round "3"]
[White "Jirovsky, Milos"]
[Black "Jaworski, Miroslaw"]
[Result "1-0"]
[WhiteElo "2435"]
[BlackElo "2395"]

1.Nf3 d5 2.c4 e6 3.g3 Nf6 4.Bg2 Be7 5.O-O O-O 6.d4 b6 7.Nc3 Bb7 8.cxd5 exd5
9.Bg5 Nbd7 10.Rc1 h6 11.Bxf6 Nxf6 12.Qb3 Re8 13.Ne5 c5 14.dxc5 Bxc5 15.Nd3 Qe7
16.Rfd1 Rab8 17.Rc2 d4 18.Nd5 Bxd5 19.Bxd5 Rbd8 20.Bf3 Ne4 21.Rdc1 Qf6 22.Qb5 Ng5
23.Bg2 Ne6 24.b4 Bd6 25.Qa4 Qe7 26.Kf1 g6 27.Bc6 Rf8 28.Rc4 Bb8 29.Bf3 h5
30.Rc6 Rfe8 31.Qb3 Kg7 32.h4 Qd7 33.a4 Nf8 34.a5 bxa5 35.bxa5 Qh3+ 36.Bg2 Qg4
37.R1c2 Re6 38.Nb4 Rde8 39.Qd3 Be5 40.Bd5  1-0

[Event "Karpov GM"]
[Site "Singapore"]
[Date "1997.12.18"]
[Round "5"]
[White "Wong Meng Kong"]
[Black "Marentek, Hanny"]
[Result "1/2-1/2"]
[WhiteElo "2415"]
[BlackElo "2405"]

1.Nf3 d5 2.c4 e6 3.d4 Nf6 4.Bg5 Be7 5.e3 O-O 6.Nc3 b6 7.Bd3 Bb7 8.O-O Nbd7
9.Qe2 Ne4 10.Bf4 Bd6 11.Rac1 Nxc3 12.Rxc3 Bxf4 13.exf4 c5 14.cxd5 Bxd5 15.dxc5 Bxf3
16.Qxf3 Nxc5 17.Bb5 a5 18.Rd1 Qf6 19.Rd6 Rab8 20.a3 g6 21.g3 Kg7 22.Qe3 Rfd8
23.Rxd8 Rxd8 24.b4 axb4 25.axb4 Ne4 26.Rd3 Qa1+ 27.Kg2 Rxd3 28.Bxd3 Nf6 29.Qxb6 Qc3
30.Qd6 Nd5 31.Be4 Nxb4 32.g4 Na2 33.h4 Nc1 34.Qe5+ Qxe5 35.fxe5 Nb3 36.f4 Nc5
37.Bc6 f6 38.Bb5 fxe5 39.fxe5 h6 40.Kf3 g5 41.hxg5 hxg5 42.Ke3 Nb7 43.Kd4 Kf8
44.Bc6 Nd8 45.Be4 Ke7  1/2-1/2

[Event "Rishon Le Ziyyon 9798"]
[Site "Rishon Le Ziyyon"]
[Date "1997.12.30"]
[Round "6"]
[White "Kogan, Artur"]
[Black "Botvinnik, Ilia"]
[Result "1-0"]
[WhiteElo "2500"]
[BlackElo "2350"]

1.Nf3 d5 2.c4 e6 3.g3 dxc4 4.Na3 Bxa3 5.bxa3 b6 6.Qa4+ Bd7 7.Qxc4 Bc6 8.e4 Nf6
9.d3 O-O 10.Bf4 Nfd7 11.Be2 Nc5 12.Be3 Nb7 13.Rc1 Na5 14.Qc3 Na6 15.h4 Qe7
16.h5 f6 17.g4 Bb7 18.h6 g6 19.g5 c5 20.gxf6 Qxf6 21.Qxf6 Rxf6 22.Ne5 Nb8
23.Bg4 Nac6 24.Nxc6 Nxc6 25.Bg5 Kf7 26.f4 Nd4 27.Kd2 Bc6 28.Rc4 Rd8 29.Rb1 Rd7
30.a4 Rb7 31.Ke3 Rc7 32.a5 Rb7 33.Rxd4 cxd4+ 34.Kxd4 Rd7+ 35.Ke5 Rf5+ 36.Bxf5 gxf5
37.axb6  1-0

[Event "Raiffeisen op-A 6th"]
[Site "Aschach"]
[Date "1997.12.31"]
[Round "7"]
[White "Knoll, Hermann"]
[Black "Obermayr, Hermann"]
[Result "1-0"]
[WhiteElo "2245"]
[BlackElo "2140"]

1.Nf3 d5 2.c4 e6 3.d4 f5 4.g3 Nf6 5.Bg2 c6 6.O-O Bd6 7.Bf4 Bxf4 8.gxf4 O-O
9.Ne5 Bd7 10.Nc3 Be8 11.Qc2 Qe7 12.e3 Nbd7 13.cxd5 cxd5 14.Rac1 Nb6 15.f3 Rc8
16.Rf2 Bd7 17.Bf1 Rc7 18.Rg2 Rfc8 19.Qf2 Na4 20.Qh4 Nxc3 21.bxc3 Be8 22.c4 dxc4
23.Rxc4 Rxc4 24.Bxc4 b5 25.Bf1 Rc1 26.Nd3 Rc7 27.Nc5 Bc6 28.Rb2 Qe8 29.Kf2 a5
30.a3 Ra7 31.Be2 Ra8 32.Qh3 Rb8 33.Rb1 Nd7 34.Nxd7 Qxd7 35.Qf1 Rb7 36.Qe1 Qd8
37.Qc3 Qb6 38.d5 exd5 39.Bxb5 Qc7 40.Bxc6  1-0

[Event "Elgoibar"]
[Site "Elgoibar"]
[Date "1997.12.31"]
[Round "5"]
[White "Franco Ocampo, Zenon"]
[Black "Giorgadze, Giorgi"]
[Result "1/2-1/2"]
[WhiteElo "2480"]
[BlackElo "2625"]

1.Nf3 d5 2.c4 e6 3.e3 c6 4.d4 Nd7 5.Bd3 Ngf6 6.O-O Be7 7.Nbd2 O-O 8.b3 b6
9.Bb2 Bb7 10.Qe2 c5 11.Rad1 Qc7 12.Ne5 Nxe5 13.dxe5 Ne4 14.Nb1 f5 15.f3 Ng5
16.h4 Nf7 17.cxd5 Nxe5 18.dxe6 Nxd3 19.Qxd3 Rad8 20.Qc4 Bc6 21.Nc3 b5 22.Nxb5 Qg3
23.Qe2 a6  1/2-1/2

[Event "Skolernes Skakklub op"]
[Site "Aarhus"]
[Date "1997.??.??"]
[Round "7"]
[White "Madsen, Peder"]
[Black "Dongart, Dennis"]
[Result "1-0"]
[WhiteElo "2175"]
[BlackElo "2155"]

1.Nf3 d5 2.c4 c6 3.b3 Bf5 4.Bb2 e6 5.g3 Nf6 6.Bg2 Bd6 7.d3 Nbd7 8.O-O Qc7
9.Nc3 Bg4 10.Rc1 Rd8 11.cxd5 exd5 12.Nb5 Qb8 13.Nxd6+ Qxd6 14.e4 O-O 15.Qc2 Bxf3
16.Bxf3 Rfe8 17.Bg2 Qe6 18.Rfe1 dxe4 19.dxe4 Nb6 20.Rcd1 Qe7 21.Rxd8 Rxd8
22.Rd1 Rxd1+ 23.Qxd1 Qd7 24.Qxd7 Nfxd7 25.Kf1 g6 26.Ke2 Kf8 27.Ke3 Ke7 28.f4 f6
29.Ba3+ Ke6 30.g4 g5 31.Bb2 a5 32.Bf1 a4 33.bxa4 gxf4+ 34.Kxf4 Ne5 35.a5 Nbc4
36.Bxc4+ Nxc4 37.Bc3 Nd6 38.Bxf6 Nxe4 39.Kxe4 Kxf6 40.h4 Ke6 41.Kd4 Kd6 42.g5 Ke6
43.Kc5 Kf5 44.Kb6 c5 45.Kxc5 Kg4 46.Kb6 Kxh4 47.Kxb7 Kxg5 48.a6  1-0

[Event "Alicante op"]
[Site "Alicante"]
[Date "1997.??.??"]
[Round "7"]
[White "Alderete, Rigoberto"]
[Black "Martinez Rodriguez, Pablo"]
[Result "0-1"]
[WhiteElo "2255"]
[BlackElo "2200"]

1.Nf3 d5 2.c4 d4 3.e3 Nc6 4.b4 dxe3 5.fxe3 Bf5 6.a3 e5 7.b5 Na5 8.Bb2 e4
9.Nd4 Nh6 10.Bc3 b6 11.Nxf5 Nxf5 12.Qg4 Qh4+ 13.Qxh4 Nxh4 14.d4 exd3 15.Bxd3 O-O-O
16.Bf1 Bc5 17.g3 Ng6 18.Bh3+ Kb8 19.Bxg7 Rhg8 20.Bf6 Rd6 21.O-O Bxe3+ 22.Kh1 Rxf6
23.Rxf6 Bd4 24.Nd2 Bxf6 25.Rf1 Be7 26.Rxf7 Bxa3 27.Ne4 Ne5 28.Rxh7 Naxc4
29.Nf6 Rf8 30.Nd7+ Nxd7 31.Bxd7 Ne3 32.h4 Bd6 33.Rg7 Nf5 34.Bxf5 Rxf5 35.g4 Rxb5
36.h5 Rb2 37.Rh7 Rh2+ 38.Kg1 Rh4 39.Rg7 a5 40.Kf2 a4 41.Kf3 a3 42.Rg8+ Kb7
43.Re8 Rh3+  0-1

[Event "Alushta-C"]
[Site "Alushta"]
[Date "1997.??.??"]
[Round "1"]
[White "Barshevich, Veniamin"]
[Black "Klichev, Mikhail"]
[Result "1/2-1/2"]
[WhiteElo "2235"]
[BlackElo "2355"]

1.Nf3 d5 2.c4 c6 3.d4 Nf6 4.Qc2 g6 5.Bf4 Bf5 6.Qb3 Qb6 7.e3 Bg7 8.Nc3 O-O
9.c5 Qxb3 10.axb3 Nbd7 11.h3 h6 12.g4 Be4 13.Nxe4 dxe4 14.Ne5 Nxe5 15.Bxe5 Nd5
16.Bxg7 Kxg7 17.Bc4 e6 18.Ke2 Nc7 19.b4 a6 20.Bb3 Nd5 21.Ra4 Rad8 22.Rg1 f5
23.Bxd5 exd5 24.Raa1 f4 25.exf4 Rxf4 26.Ra3 Rdf8 27.Rg2  1/2-1/2

[Event "Terres Catalanes 15th"]
[Site "Ampuriabrava"]
[Date "1997.??.??"]
[Round "7"]
[White "Pomes Marcet, Juan"]
[Black "Cifuentes Parada, Roberto"]
[Result "0-1"]
[WhiteElo "2430"]
[BlackElo "2555"]

1.Nf3 d5 2.c4 c6 3.b3 Nf6 4.Bb2 e6 5.g3 a5 6.Bg2 a4 7.Na3 Bd6 8.O-O Qe7 9.Qc1 O-O
10.d4 b6 11.Ne5 Bb7 12.Nc2 c5 13.Nd3 dxc4 14.Bxb7 Qxb7 15.bxc4 cxd4 16.Bxd4 Nbd7
17.Rb1 Qe4 18.Qe3 e5 19.f3 Qc6 20.Nxe5 Bxe5 21.Bxe5 Rfe8 22.f4 Qxc4 23.Nb4 Ng4
24.Qd2 Ndxe5 25.fxe5 Rxe5 26.Rf4 Qe6 27.Qd4 h5 28.Nd3 Rxe2 29.a3 Qc6 30.Nf2 Rae8
31.Rf1 Ne3 32.Re4 Nxf1  0-1

[Event "BEL-chT 9798"]
[Site "Antwerp"]
[Date "1997.??.??"]
[Round "2"]
[White "Mohandesi, Shahin"]
[Black "Krijgelmans, Johan"]
[Result "1/2-1/2"]
[WhiteElo "2285"]
[BlackElo "2270"]

1.Nf3 d5 2.c4 d4 3.e3 Nc6 4.b4 Bg4 5.Qa4 dxe3 6.fxe3 Bxf3 7.gxf3 e6 8.Bb2 Qh4+
9.Kd1 Qf2 10.Be2 Qg2 11.Rf1 Bxb4 12.Ba3 Bxa3 13.Nxa3 Ne7 14.Rb1 Rb8 15.d4 O-O
16.Kd2 Nf5 17.Nc2 Nh4 18.Qb5 g6 19.f4 a6 20.Qg5 Qxg5 21.fxg5 e5 22.Bd3 Rfd8
23.Kc3 Rd7 24.Be4 exd4+ 25.exd4 Rbd8 26.Rf4 Nf5 27.Bxf5 gxf5 28.Rxb7 Ne7
29.Ra7 c5 30.Rxa6 cxd4+ 31.Rxd4 Ng6 32.Rxd7 Rxd7 33.Ne3 f4 34.Ra8+ Nf8 35.Nd5 Kg7
36.Nxf4 Rd1 37.Nh5+ Kg8 38.h4 Rh1 39.Nf6+ Kg7 40.h5 Rc1+ 41.Kb2 Rxc4 42.h6+ Kg6
43.Rxf8 Kxg5 44.Nxh7+ Kg6 45.Nf6 Kxh6 46.Rxf7 Kg6 47.Rf8 Kg7 48.Nd7 Rd4 49.Rd8 Rd5
50.a4 Kf7 51.Rh8 Rxd7 52.Kb3 Ke7 53.Kb4 Kd6 54.Rc8 Rc7 55.Rb8 Kc6 56.Rb5 Rb7
57.Ka5 Ra7+ 58.Kb4 Rb7 59.Kc4 Rxb5 60.axb5+ Kb6  1/2-1/2

[Event "Arco di Trento op2"]
[Site "Arco di Trento"]
[Date "1997.??.??"]
[Round "3"]
[White "Wojtkiewicz, Aleksander"]
[Black "Schweiger, Georg"]
[Result "1-0"]
[WhiteElo "2565"]
[BlackElo "2225"]

1.Nf3 d5 2.c4 c6 3.d4 Nf6 4.Qc2 g6 5.Bf4 Bg7 6.e3 O-O 7.Nc3 Na6 8.h3 Qa5
9.a3 dxc4 10.Bxc4 b5 11.Be2 b4 12.Qa4 Qb6 13.axb4 Nxb4 14.Ne5 Be6 15.O-O Nd7
16.Nxd7 Bxd7 17.Rfc1 Rfe8 18.Qb3 e5 19.dxe5 Bxe5 20.Bc4 Be6 21.Na4 Qb8 22.Bxe5 Bxc4
23.Rxc4  1-0